000 00221nam a22000857a 4500
008 160920b xxu||||| |||| 00| 0 eng d
100 _9672
_aGoyal.A.etal
245 _aScience Lab-IX
260 _aNew Delhi
_bAI. Publications
_c2011
999 _c3329
_d3329